Suosituimmat koirarodut 2023 - Statistics

Yleistilastot
  • Tätä visaa on pelattu 127 kertaa
  • Keskiarvotulos 5 / 10
Vastaustilastot
kpl koirarotu % Oikein
1250 kultainennoutaja
93%
2583 labradorinnoutaja
82%
1221 saksanpaimenkoira
76%
932 suomenajokoira
52%
1251 suomenlapinkoira
42%
961 jackrussellinterrieri
38%
1279 shetlanninlammaskoira
28%
700 cockerspanieli
22%
199 jämtlanninpystykorva
22%
888 kääpiösnautseri
12%
Ehtoja vastaavia visoja ei löytynyt
Tulosjakauma
Jokaisen tuloksen saaneiden osuus
Persentiili vastausten määrän mukaan
Tuloshistoriasi
Et ole pelannut tätä visaa